| 000 | 00830nam a22002417a 4500 | ||
|---|---|---|---|
| 003 | UA-OsUOA | ||
| 001 | 44413 | ||
| 007 | ta | ||
| 008 | 20070221b un ||||| |||| 00| 0 ukr d | ||
| 100 | _aПанарин И.Н. | ||
| 090 |
_a659.4:327 _bП16 |
||
| 942 | _cBK | ||
| 040 |
_aUA-OsUOA _brus _cUA-OsUOA _dUA-OsUOA |
||
| 245 |
_aИнформационная война, PR и мировая политика _bУчебное пособие для вузов |
||
| 300 | _a352 с. | ||
| 955 | _a2 | ||
| 041 | _arus | ||
| 080 | _a659.4:327 | ||
| 020 | _a5-93517-297-6 | ||
| 260 |
_aМ. _bГорячая линия - Телеком _c2006 |
||
| 650 | 7 |
_a659 Реклама. Система інформації. Громадська інформація та реклама (Паблик-Рилейшнз) _2UDC |
|
| 999 |
_c330531 _d330531 |
||